Joueurs RLCS 2022-23 - Statistiques

Statistiques générales
  • Ce quiz a été pris 200 fois
    188 depuis la dernière actualisation
  • Le résultat moyen est 74 sur 318
Statistiques - réponses
Hint Réponse % Correct
Team Falcons OKhalid
92%
Karmine Corp Vatira
91%
Team Vitality Alpha54
89%
Solary Kaydop
89%
Karmine Corp Itachi
87%
Karmine Corp ExoTiiK
84%
Team Vitality Radosin
82%
Solary Fairy Peak
81%
Team BDS Monkey Moon
81%
Team BDS Seikoo
78%
Solary Chausette45
77%
Team Liquid Atow
76%
Team BDS Extra
74%
Moist Esports Rise
74%
Team Vitality Saizen
74%
Moist Esports Joyo
73%
FaZe Clan Firstkiller
69%
Gen. G Esports Noly
69%
Team Liquid AcroniK
68%
Gen. G Esports ApparentlyJack
68%
Moist Esports AztraL
68%
NRG Jstn
67%
Team Liquid Oski
66%
Team Falcons Ahmad
64%
G2 Esports Atomic
63%
Spacestation Gaming Daniel
63%
Team Falcons Trk511
63%
Spacestation Gaming Arsenal
61%
Rule One Rw9
61%
NRG Squishy
61%
Gen. G Esports Chronic
60%
HEET Juicy
60%
NRG GarrettG
58%
Oxygen Esports Joreuz
58%
FaZe Clan Mist
58%
Version 1 Beastmode
57%
Complexity Gaming crr
57%
G1 Marc_By_8
56%
Oxygen Esports Archie
55%
G1 AtomiK
55%
G2 Esports Chicago
54%
Quadrant Kash
54%
Oxygen Esports Oaly
54%
G2 Esports JKnaps
53%
Complexity Gaming Reysbull
51%
FaZe Clan Sypical
51%
Version 1 Comm
50%
G1 DORITO
50%
Tundra Esports Kassio
50%
Spacestation Gaming LJ
50%
Pioneers Scrub
49%
Evil Geniuses Tox
48%
Complexity Gaming ajg
46%
Quadrant Eekso
46%
Quadrant RelatingWave
43%
Evil Geniuses Ivn
42%
Jalada Kil
42%
Optic Gaming Retals
42%
SK Gaming Scrub Killa
42%
Version 1 Torment
42%
Dark Zero Turbopolsa
42%
Furia Esports Caard
40%
Optic Gaming AYYJAYY
39%
The Club Lostt
39%
Furia Esports Yanxnz
39%
Team Secret Kv1
38%
Twisted Minds M7sN
38%
Pioneers Bananahead
37%
Evil Geniuses Catalysm
37%
Tundra Esports Rezears
37%
James Cheese Virtuoso
37%
Team GO Ekon
36%
Krü Esports Drufinho
35%
Optic Gaming MajicBear
35%
Tundra Esports Rizex
34%
Soniqs Metsanauris
33%
Rule One Kiileerrz
32%
SK Gaming Nass
32%
Team Secret Sad
32%
Team GO Yukiss
32%
Monkeys Mittaen
31%
Pioneers Superlachie
31%
Ghost Gaming Hockser
30%
HEET Parka
30%
Dignitas Dreaz
29%
Guild Esports LuiisP
29%
Team GO WhiskyDrink
29%
Williams Resolves Breezi
28%
Veloce Esports Senzo
28%
Dignitas Andy
27%
Furia Esports CaioTG1
27%
XSET Evoh
27%
Gaimin Gladiators LCT
27%
Soniqs ThO
27%
EndGame Brad
26%
Endpoint CeX Deevo
26%
James Cheese Kamii
26%
Jitans Kuxir97
26%
Soniqs Mikeboy
26%
Williams Resolves Noahsaki
26%
Shopify Rebellion 2Piece
25%
Monkeys Arju
25%
Pittsburgh Knights CHEESE
25%
HEET Forece
25%
Rogue Gyro
25%
Ground Zero Gaming Kaka
25%
Team Secret Nxghtt
25%
James Cheese ReaLize
25%
Guild Esports Stake
25%
Aogiri Stizzy
25%
PWR Torsos
25%
The 3 Musketeers ViolentPanda
25%
Aogiri VKSailen
25%
Limitless 2Die4
24%
Guild Esports Accro
24%
PWR Amphis
24%
The Club Aztromick
24%
Krü Esports Droppz
24%
PWR Fever
24%
Williams Resolves FlamE
24%
Team AXLE Gimmick
24%
Placeholders Fiberr
23%
Luminosity Gaming LionBlaze
23%
Gaimin Gladiators Maxeew
23%
Gaimin Gladiators OSM
22%
Monkeys Smokez
22%
Rogue Aqua
21%
Shopify Rebellion Paarth
21%
XSET Rapid
21%
One Chip Army Toxiic
21%
NOBLES Venom
21%
Old Farts Yukeo
21%
The Club Bemmz
20%
Endpoint CeX Crispy
20%
BS+COMPETITION Gomb
20%
The Lakeshow Hntr
20%
Old Farts Speed
20%
ATK Wiiloo
19%
Veloce Esports Smw
18%
Pittsburgh Knights Sosa
18%
1s dead
17%
Turboclappers Hibbs
17%
26 Rising hockE
17%
Ketchup | Sol Night
17%
Aogiri Oscillon
17%
Rogue Taroco
17%
Team AXLE Ayjacks
16%
Turboclappers Dying
16%
1s Hyderr
16%
Shopify Rebellion Memory
16%
Krü Esports shad
16%
Endpoint CeX Simas
16%
Red Crown Esports Sweaty_Clarence
16%
Akrew astro
15%
DeToNator Burn
15%
Jalada Carca
15%
26 Rising money
15%
Limitless Snowyy
15%
Geekay Esports Twiz
15%
ATK Werty
15%
Lil Step Bro AlphaKep
14%
Blueabslem | Blueabstik Blue
14%
Lil Step Bro Creamz
14%
One Chip Army Davoof
14%
Rule One Nadr
14%
The 3 Musketeers Pryyme
14%
Dark Zero Zineel
14%
Luminosity Gaming Kinseh
13%
Turboclappers Lasa
13%
XSET Percy
13%
Team AXLE Toastie
13%
Pikete Galáctico Zamué
13%
Twisted Minds Ams
12%
BS+COMPETITION bluey
12%
One Chip Army Chippy
12%
Limitless Darth
12%
Dignitas Delta
12%
BS+COMPETITION EleXiT
12%
Orlando Pirates Exdee Happymeal
12%
DeToNator Lunatic
12%
DeToNator Mikan
12%
SK Gaming Rxii
12%
Reformed SkillSteal
12%
Twisted Minds Zez0nix
12%
Ground Zero Gaming Finn
11%
Jitans Gramma
11%
Geekay Esports Impressive
11%
Orlando Pirates Exdee Kamz
11%
26 Rising xpurt
11%
Pittsburgh Knights .ZPS
11%
Luminosity Gaming Alraz
10%
The 3 Musketeers | Zoom zoom Compact
10%
Nefarious Diaz
10%
Paradigm | Placeholders Misty
10%
Akrew oath
10%
1s Revezy
10%
Ghost Gaming Shock
10%
Ground Zero Gaming Shorez
10%
Tough Love Sigms
10%
Akrew Fefe
9%
Jitans Ivan
9%
Dark Zero JPow
9%
Only Outliers Snipjz
9%
Sol Stealth
9%
Geekay Esports T7LM
9%
Ghost Gaming Tcorrell
9%
Loco Turinturo
9%
Reformed Arceon
8%
Loco Beastaboniam
8%
Mustu Fluck Creamyy
8%
Sol Druee
8%
NOBLES Fahad
8%
Zoom zoom Gekk
8%
Gentlemen Lunar
8%
Ketchup Mesho
8%
The Lakeshow Mock
8%
Reformed Mr. Low
8%
EndGame Royales
8%
Old Farts Tigreee
8%
Frakture TopCheese
8%
Dire Wolves Zenulous
8%
Gremlins Caleb
7%
Gremlins Cobbo
7%
Gremlins | Tre Cani Gus
7%
NOBLES ix
7%
Zoom zoom Justuszzz
7%
Paradigm Kevin
7%
R!OT Gaming Morse
7%
Gentlemen NoMansion
7%
SMPR Esports OVampiERz
7%
Frakture Sea-Bass
7%
AW3 Esports Seeb
7%
Empyre Esports Twistt
7%
Charlotte Phoenix Wahvey
7%
Blueabslem | Blueabstik Abscrazy
6%
Tre Cani Cavemanben
6%
ANKAA Esports chikage
6%
AW3 Esports FiremanJonas
6%
Empyre Esports PJ
6%
Mustu Fluck Rexo
6%
The Lakeshow Siki
6%
Lil Step Bro Spyder
6%
Mats and Mechanics TempoH
6%
TLT Torres8232
6%
Epiphany Wells
6%
Epiphany YanD
6%
Mats and Mechanics Zamberg
6%
Red Crown Esports Zero
6%
Nefarious Ahduhm
5%
EndGame Alpe
5%
Nefarious Buddy
5%
Mustu Fluck Ejby
5%
ANKAA Esports EviL42
5%
Lotus FirefoxD
5%
Tough Love Furlashh
5%
Only Outliers Ianpinheiro
5%
AW3 Esports Inferno
5%
Epiphany Luk
5%
Mats and Mechanics Matsgrey
5%
Nimmt55 Popo
5%
Red Crown Esports Ram
5%
Empyre Esports Repi
5%
Bandits ESC Row
5%
Bandits ESC Smash
5%
Dire Wolves Spratt
5%
ANKAA Esports Sythe
5%
Charlotte Phoenix Tvaristo
5%
Bandits ESC Viictus
5%
Tough Love Aech
4%
Bluabslem Alem
4%
Vengeance Bullzzeye
4%
Orlando Pirates Exdee EliakimZA
4%
ATK Gyzow
4%
Lotus Haberkamper
4%
SMPR Esports Hisoka
4%
Blueabstik Kaotik
4%
Frakture Kayex
4%
R!OT Gaming Laxin
4%
Jalada Mingo
4%
Dire Wolves Remik
4%
True Neutral Rmnn
4%
Nimmt55 Shaolon
4%
Only Outliers Sobral
4%
SMPR Esports Suspect
4%
Placeholders Vortexioz
4%
Ketchup Willie
4%
Tre Cani Aimz
3%
Veloce Esports B2seL
3%
Pikete Galáctico Boom
3%
R!OT Gaming Civex
3%
True Neutral D7ITy
3%
Charlotte Phoenix daunt
3%
Pikete Galáctico Kiermonster
3%
True Neutral LagLy
3%
Lotus Lucas06
3%
Vengeance Samba
3%
Loco Shadow
3%
X13 AZapatos
2%
Paradigm Ballerrees
2%
White Rabbit Gaming Ckeno
2%
White Rabbit Gaming Friction
2%
TLT Lorely
2%
Gentlemen Nibra
2%
UHUH Squigly
2%
TLT Thqoz
2%
White Rabbit Gaming Wee_Casper
2%
UHUH BunnyDummy
1%
X13 Impoh
1%
X13 Volterohh
1%
Vengeance Adverse
0%
Nimmt55 Akikansu
0%
UHUH Hireo
0%
Aucun quiz correspondant
Distribution des résultats
% des personnes avec chaque résultat
Percentile par nombre de réponses
Votre historique - résultats
Vous n’avez pas pris ce quiz depuis la dernière actualisation